000 00292nam a22001337a 4500
008 171127b xxu||||| |||| 00| 0 eng d
020 _a9780130370488
041 _aeng
080 _a32
100 _a19
101 _aPOL
245 _aAMERICAN GOVERNMENT
_cCLENAGHAN,.W.A
942 _2udc
_cBK
999 _c38545
_d38545